000 00668nam a2200217 a 4500
001 BRCA_2296
005 20190320203740.0
008 020723s2001 sp-a---###---#001-0#spa-#
020 _a8495241196
040 _aDLC
_cDLC
050 4 _aNA5202.2
_b.B66 2001
100 1 _aBonet Correa, Antonio
_94157
245 1 0 _aMonasterios iberoamericanos
_cAntonio Bonet Correa.
260 _a[Madrid]
_bEl Viso
_c2001
300 _a415 p.
_bil. a color
_c30 cm.
500 _aIncluye índice onomástico
650 1 4 _aMonasterios
_zAmérica Latina
_96876
650 1 4 _aConventos
_zAmérica Latina
_96877
650 1 4 _aArquitectura colonial
_zAmérica Latina
_96878
942 _2lcc
_cB
999 _c2041
_d2041